000 02100nam a2200253 4500
003 vecauma
005 20260415182954.0
007 ta
008 260415b ve ||||| |||| 00| 0 spa d
020 _a8427603746
040 _avecauma
_bspa
_cvecauma
_dvecauma
_erda
041 _aspa
100 1 _eautor
245 1 _aFrancisco De Miranda
_bDiario de viajes y escritos políticos
_c/ Mario H. Sánchez-Barba
264 _aMadrid, España:
_bEditora Nacional;
_c1977.
300 _a389 páginas.
336 _atexto
_btxt
_2rdacontenido
337 _ano mediado
_bn
_2rdamedio
338 _avolumen
_bnc
_2rdasoporte
505 0 _aViaje por los Estados Unidos de la América del Norte / La Habana-New Jersey / Diario desde New York, hacia Albany,Saratoga, etc / Viaje de Boston a Portsmouth Newhamshaire / Viaje por Italia / Viajes por Rusia / Escritos políticos /
520 3 _aSituado en el eje mismo de un profundo traumatismo social de índole provinciano, Francisco de Miranda constituye una personalidad histórica de intimidad disgregada que se debate en la dialéctica necesidad de estimación, afán vindicativo. Los rasgos de su biografía y, sobre todo, sus escritos estudiados culturalmente por primera vez en la presente edición - revelan su mentalidad y acción como un producto homogeneizado por las corrientes culturales europeas de su época y se manifiesta en su admirable capacidad comunicativa de profundo sentido romántico-conflictivo. El autor de la edición, Mario Hernández Sánchez-Barba, profesor numerario de "Historia contemporánea de América" en la Facultad de Historia de la Universidad Complutense, y director del Departamento de Historia de América, goza de un sólido prestigio mundial, cimentado en una serie de obras de investigación y síntesis, así como en su importante labor de cátedra, en la que se han formado buena parte de la nueva generación de historiadores hispanoamericanos. Ha publicado una importante serie de libros y artículos de investigación.
942 1 _2lcc
_n0
_cBK
999 _c13381
_d13381